| 000 | 00776nam a22002537a 4500 | ||
|---|---|---|---|
| 003 | OSt | ||
| 005 | 20251128164429.0 | ||
| 008 | 251128b |||||||| |||| 00| 0 eng d | ||
| 020 | _a9781499152289 | ||
| 020 | _a1499152280 | ||
| 040 |
_a MY-RPA _b eng _cMY-RPA _erda |
||
| 050 |
_aLB2369 _b.M38 2014 |
||
| 245 |
_aThe big book of APA citations and references / _cScott Matkovich. |
||
| 250 | _a6th edition | ||
| 260 |
_bYou Versus The World, _c2014 |
||
| 300 | _a225 pages | ||
| 650 |
_aMedical nursing _xBibliography. |
||
| 650 |
_aMedical research _xMethodology. |
||
| 650 |
_aPsychology _xStudy and teaching. |
||
| 650 |
_aPsychology _xBibliography. |
||
| 650 |
_aReference books _xAuthorship. |
||
| 650 |
_aAcademic writing _xHandbooks, manuals, etc. |
||
| 942 |
_2lcc _cBK |
||
| 999 |
_c2604 _d2604 |
||